000 00598nam a22002057a 4500
003 DO-SdBNP
005 20220223111510.0
007 ta
008 211028b2013 dr ||||| |||| 00| 0 spa d
040 _aDO-SdBNP
_bspa
_cBNPHU
082 4 _b22
100 1 _a Chez Checo, José
_980381
245 1 0 _aDuarte y la religión /
_cJosé Chez Checo
260 _aSanto Domingo :
_bAmigo del Hogar,
_c2013.
300 _a31 p. ;
_c23 cm.
500 _aIncluye referencias bibliográficas y notas al pie de las páginas
590 _aInventariado, 2021 /LP
910 _aLopérez
942 _2ddc
_cLBS1
999 _c50825
_d50825